000
00325nam a2200133Ia 4500
008
240827s9999 xx 000 0 und d
020
_a
9789390128228
100
_a
Pitabas Mohanty
245
0
_a
Spreadsheet Skills for Finance Professionals
250
_a
2nd
260
_b
Taxmann
_c
2020
650
_a
Commerce
942
_c
BK
999
_c
27098
_d
27098